Language Quiz

Random Language or Sporcle Quiz

Sporcle's Easiest European Language (per Letter) Quiz Stats

 Plays Quiz Updated Apr 17, 2019

Score 0/17 Timer 02:00
12 Plays Today
Hint Language % Correct
FFrench
97.1%
GGerman
95%
EEnglish
95%
SSpanish
91.5%
IItalian
88.4%
RRussian
87.6%
DDutch
77.4%
PPolish
77%
HHungarian
71.3%
Hint Language % Correct
TTurkish
64.7%
NNorwegian
62.4%
LLatvian
59.1%
AAlbanian
54.9%
CCzech
51.8%
UUkrainian
46.8%
BBulgarian
43.6%
MMacedonian
29.8%

You're not logged in!

Compare scores with friends on all Sporcle quizzes.
OR
Log In

Sporcle TV

Today on Sporcle TV


Watch our educational content, quiz creation guides, and fun videos on Sporcle TV.

Show Comments

Extras

Top Quizzes Today


Score Distribution

Your Account Isn't Verified!

In order to create a playlist on Sporcle, you need to verify the email address you used during registration. Go to your Sporcle Settings to finish the process.

Report this User

Report this user for behavior that violates our Community Guidelines.

Details: